=LDR 00000nam 2200000 4500 =001 INLIS000000000027876 =005 20130612130223 =008 ***********************************Ind** =035 ##$$0010-061300000027876 =041 ##$$a Ind =082 ##$$a 155.5 =090 ##$$a 155.5, Mau s =100 ##$$a Maurus, J =245 ##$$a Secantik yang engkau impikan, 365 tips menjadi remaja cantik lahir batin, J.Maurus; Penerjemah, Nur setiyo budi widarto =260 ##$$a 2004 $b Yogyakarta =300 ##$$a xix,356 hlm, 21 cm =650 ##$$a Psikologi remaja =700 ##$$a Widarto, Nur setiyo budi =850 ##$$a NBPNMAT